00295nam a2200109Ia 4500008004100000041000800041082001200049100001700061245005100078260003700129300001900166241015s9999 xx 000 0 und d aeng a330 BRA aHope Bradley aMathematical Methods For Economics And Finance bClanrye InternationalaUSAc2023 a244;. P. 28 cm